000 00726nam a2200241 i 4500
001 C2-0293045
003 PPAK
005 20180728025019.0
008 090114s1999 ncu |||| ||||| | eng d
020 _a1565122259
040 _aPPAK
_beng
_cPPAK
_erda
082 0 4 _a372.110092
_223
090 0 0 _a372.110092
_bCOD
_dLCK
100 1 _aCodell, Esme' Raji,
_eauthor
245 1 0 _aEducating Esme' :
_bdiary of a first year teacher
264 1 _aNorth Carolina :
_bAlgonquin Books of Chapel Hill ,
_c1999
300 _a205 pages ;
_c18 cm
336 _2rdacontent
_atext
337 _2rdamedia
_aunmediated
338 _2rdacarrier
_avolume
650 1 0 _aFirst years teachers - Illionis - Chicago - Diaries
942 _ddc
_cB
999 _c97869
_d97869